Porto Full Squads (2000-) - Statistics

General Stats
  • This quiz has been taken 421 times
    207 since last reset
  • The average score is 281 of 625
Answer Stats
Year # Pos/Country Answer % Correct
2004-2005 7 DF Pepe
93%
2005-2006 14 DF Pepe
93%
2006-2007 3 DF Pepe
93%
2018-2019 33 DF Pepe
93%
2019-2020 3 DF Pepe
93%
2020-2021 3 DF Pepe
93%
2021-2022 3 DF Pepe
93%
2021-2022 11 FW Pepê
93%
2022-2023 3 DF Pepe
93%
2022-2023 11 FW Pepê
93%
2023-2024 3 DF Pepe
93%
2023-2024 11 FW Pepê
93%
2024-2025 11 FW Pepê
93%
2016-2017 12 GK José Sá
89%
2017-2018 12 GK José Sá
89%
2019-2020 31 GK Diogo Costa
88%
2020-2021 99 GK Diogo Costa
88%
2021-2022 99 GK Diogo Costa
88%
2022-2023 99 GK Diogo Costa
88%
2023-2024 99 GK Diogo Costa
88%
2024-2025 99 GK Diogo Costa
88%
2020-2021 9 FW Mehdi Taremi
88%
2021-2022 9 FW Mehdi Taremi
88%
2022-2023 9 FW Mehdi Taremi
88%
2023-2024 9 FW Mehdi Taremi
88%
2009-2010 29 FW Orlando Sá
88%
2000-2001 2 DF Jorge Costa
87%
2001-2002 2 DF Jorge Costa
87%
2002-2003 2 DF Jorge Costa
87%
2003-2004 2 DF Jorge Costa
87%
2004-2005 2 DF Jorge Costa
87%
2019-2020 6 MF Bruno Costa
85%
2021-2022 28 MF Bruno Costa
85%
2022-2023 28 MF Bruno Costa
85%
2001-2002 45 DF Ricardo Costa
85%
2002-2003 5 DF Ricardo Costa
85%
2003-2004 5 DF Ricardo Costa
85%
2004-2005 5 DF Ricardo Costa
85%
2005-2006 3 DF Ricardo Costa
85%
2006-2007 2 DF Ricardo Costa
85%
2000-2001 25 FW Cândido Costa
84%
2001-2002 25 FW Cândido Costa
84%
2001-2002 29 FW Paulo Costa
84%
2008-2009 20 MF Tomás Costa
84%
2009-2010 20 MF Tomás Costa
84%
2010-2011 19 MF James Rodríguez
83%
2011-2012 19 MF James Rodríguez
83%
2012-2013 10 MF James Rodríguez
83%
2015-2016 12 GK Iker Casillas
82%
2016-2017 1 GK Iker Casillas
82%
2017-2018 1 GK Iker Casillas
82%
2018-2019 1 GK Iker Casillas
82%
2015-2016 19 FW André Silva
81%
2016-2017 10 FW André Silva
81%
2019-2020 49 FW Fábio Silva
81%
2001-2002 30 DF Mário Silva
80%
2002-2003 30 DF Mário Silva
80%
2003-2004 30 DF Mário Silva
80%
2000-2001 33 DF Ricardo Silva
80%
2001-2002 33 DF Ricardo Silva
80%
2019-2020 7 FW Luis Díaz
77%
2020-2021 7 FW Luis Díaz
77%
2021-2022 7 FW Luis Díaz
77%
2012-2013 9 FW Jackson Martínez
76%
2013-2014 9 FW Jackson Martínez
76%
2014-2015 9 FW Jackson Martínez
76%
2009-2010 9 FW Radamel Falcao
75%
2010-2011 9 FW Radamel Falcao
75%
2020-2021 29 FW Toni Martínez
75%
2021-2022 29 FW Toni Martínez
75%
2022-2023 29 FW Toni Martínez
75%
2023-2024 29 FW Toni Martínez
75%
2008-2009 10 MF Cristian Rodríguez
74%
2009-2010 10 MF Cristian Rodríguez
74%
2010-2011 10 MF Cristian Rodríguez
74%
2011-2012 10 MF Cristian Rodríguez
74%
2000-2001 10 MF Deco
74%
2001-2002 10 MF Deco
74%
2002-2003 10 MF Deco
74%
2003-2004 10 MF Deco
74%
2012-2013 23 DF Abdoulaye Ba
72%
2013-2014 23 DF Abdoulaye Ba
72%
2009-2010 15 DF Álvaro Pereira
72%
2010-2011 5 DF Álvaro Pereira
72%
2011-2012 5 DF Álvaro Pereira
72%
2015-2016 2 DF Maxi Pereira
72%
2016-2017 2 DF Maxi Pereira
72%
2017-2018 2 DF Maxi Pereira
72%
2018-2019 2 DF Maxi Pereira
72%
2013-2014 21 DF Ricardo Pereira
72%
2014-2015 21 DF Ricardo Pereira
72%
2017-2018 21 DF Ricardo Pereira
72%
2019-2020 77 MF Vitinha
72%
2021-2022 20 MF Vitinha
72%
2018-2019 21 FW André Pereira
71%
2015-2016 22 DF Danilo Pereira
71%
2016-2017 22 DF Danilo Pereira
71%
2017-2018 22 DF Danilo Pereira
71%
2018-2019 22 DF Danilo Pereira
71%
2019-2020 22 DF Danilo Pereira
71%
2020-2021 22 DF Danilo Pereira
71%
2013-2014 16 MF Héctor Herrera
71%
2014-2015 16 MF Héctor Herrera
71%
2015-2016 16 MF Héctor Herrera
71%
2016-2017 16 MF Héctor Herrera
71%
2017-2018 16 MF Héctor Herrera
71%
2018-2019 16 MF Héctor Herrera
71%
2001-2002 4 DF Ricardo Carvalho
70%
2002-2003 4 DF Ricardo Carvalho
70%
2003-2004 4 DF Ricardo Carvalho
70%
2014-2015 99 FW Vincent Aboubakar
69%
2015-2016 9 FW Vincent Aboubakar
69%
2017-2018 9 FW Vincent Aboubakar
69%
2018-2019 9 FW Vincent Aboubakar
69%
2023-2024 16 MF Nico González
67%
2024-2025 16 MF Nico González
67%
2004-2005 10 FW Ricardo Quaresma
67%
2005-2006 7 FW Ricardo Quaresma
67%
2006-2007 7 FW Ricardo Quaresma
67%
2007-2008 7 FW Ricardo Quaresma
67%
2013-2014 7 FW Ricardo Quaresma
67%
2014-2015 7 FW Ricardo Quaresma
67%
2005-2006 8 MF Lucho González
64%
2006-2007 8 MF Lucho González
64%
2007-2008 8 MF Lucho González
64%
2008-2009 8 MF Lucho González
64%
2011-2012 3 MF Lucho González
64%
2012-2013 3 MF Lucho González
64%
2013-2014 3 MF Lucho González
64%
2014-2015 18 FW Adrián López
63%
2016-2017 11 FW Adrián López
63%
2018-2019 20 FW Adrián López
63%
2010-2011 8 MF João Moutinho
63%
2011-2012 8 MF João Moutinho
63%
2012-2013 8 MF João Moutinho
63%
2005-2006 11 FW Lisandro López
62%
2006-2007 9 FW Lisandro López
62%
2007-2008 9 FW Lisandro López
62%
2008-2009 9 FW Lisandro López
62%
2007-2008 11 FW Mariano González
62%
2008-2009 11 FW Mariano González
62%
2009-2010 11 FW Mariano González
62%
2010-2011 11 FW Mariano González
62%
2024-2025 52 DF Martim Fernandes
62%
2003-2004 25 MF Ricardo Fernandes
62%
2023-2024 55 DF João Mendes
61%
2008-2009 12 FW Hulk
60%
2009-2010 12 FW Hulk
60%
2010-2011 12 FW Hulk
60%
2011-2012 12 FW Hulk
60%
2012-2013 12 FW Hulk
60%
2003-2004 23 MF Pedro Mendes
60%
2012-2013 2 DF Danilo
59%
2013-2014 2 DF Danilo
59%
2014-2015 2 DF Danilo
59%
2002-2003 22 DF Paulo Ferreira
59%
2003-2004 22 DF Paulo Ferreira
59%
2002-2003 78 FW Marco Ferreira
57%
2003-2004 20 FW Marco Ferreira
57%
2015-2016 11 FW Moussa Marega
57%
2017-2018 11 FW Moussa Marega
57%
2018-2019 11 FW Moussa Marega
57%
2019-2020 11 FW Moussa Marega
57%
2020-2021 11 FW Moussa Marega
57%
2016-2017 25 MF Otávio
57%
2017-2018 25 MF Otávio
57%
2018-2019 25 MF Otávio
57%
2019-2020 25 MF Otávio
57%
2020-2021 25 MF Otávio
57%
2021-2022 25 MF Otávio
57%
2022-2023 25 MF Otávio
57%
2023-2024 31 DF Otávio
57%
2024-2025 4 DF Otávio
57%
2023-2024 22 MF Alan Varela
56%
2024-2025 22 MF Alan Varela
56%
2020-2021 23 DF João Mário
56%
2021-2022 23 DF João Mário
56%
2022-2023 23 DF João Mário
56%
2023-2024 23 DF João Mário
56%
2024-2025 23 DF João Mário
56%
2022-2023 14 GK Cláudio Ramos
55%
2023-2024 14 GK Cláudio Ramos
55%
2024-2025 14 GK Cláudio Ramos
55%
2021-2022 10 FW Francisco Conceição
55%
2023-2024 10 FW Francisco Conceição
55%
2005-2006 1 GK Helton
55%
2006-2007 1 GK Helton
55%
2007-2008 1 GK Helton
55%
2008-2009 1 GK Helton
55%
2009-2010 1 GK Helton
55%
2010-2011 1 GK Helton
55%
2011-2012 1 GK Helton
55%
2012-2013 1 GK Helton
55%
2013-2014 1 GK Helton
55%
2014-2015 1 GK Helton
55%
2015-2016 1 GK Helton
55%
2015-2016 17 FW Jesús Corona
55%
2016-2017 17 FW Jesús Corona
55%
2017-2018 17 FW Jesús Corona
55%
2018-2019 17 FW Jesús Corona
55%
2019-2020 17 FW Jesús Corona
55%
2020-2021 17 FW Jesús Corona
55%
2021-2022 17 FW Jesús Corona
55%
2010-2011 30 DF Nicolás Otamendi
55%
2011-2012 30 DF Nicolás Otamendi
55%
2012-2013 30 DF Nicolás Otamendi
55%
2013-2014 30 DF Nicolás Otamendi
55%
2022-2023 46 MF Stephen Eustaquio
55%
2023-2024 6 MF Stephen Eustaquio
55%
2024-2025 6 MF Stephen Eustaquio
55%
2009-2010 17 FW Varela
55%
2010-2011 17 FW Varela
55%
2011-2012 17 FW Varela
55%
2012-2013 17 FW Varela
55%
2013-2014 17 FW Varela
55%
2015-2016 7 FW Varela
55%
2016-2017 7 FW Varela
55%
2014-2015 8 FW Yacine Brahimi
55%
2015-2016 8 FW Yacine Brahimi
55%
2016-2017 8 FW Yacine Brahimi
55%
2017-2018 8 FW Yacine Brahimi
55%
2018-2019 8 FW Yacine Brahimi
55%
2023-2024 15 DF Jorge Sánchez
54%
2014-2015 30 MF Óliver Torres
53%
2016-2017 30 MF Óliver Torres
53%
2017-2018 10 MF Óliver Torres
53%
2018-2019 10 MF Óliver Torres
53%
2004-2005 33 MF Raúl Meireles
53%
2005-2006 16 MF Raúl Meireles
53%
2006-2007 16 MF Raúl Meireles
53%
2007-2008 16 MF Raúl Meireles
53%
2008-2009 16 MF Raúl Meireles
53%
2009-2010 3 MF Raúl Meireles
53%
2022-2023 17 DF Rodrigo Conceição
53%
2003-2004 14 FW Sérgio Conceição
53%
2016-2017 13 DF Alex Telles
52%
2017-2018 13 DF Alex Telles
52%
2018-2019 13 DF Alex Telles
52%
2019-2020 13 DF Alex Telles
52%
2014-2015 36 MF Rúben Neves
52%
2015-2016 6 MF Rúben Neves
52%
2016-2017 6 MF Rúben Neves
52%
2015-2016 13 MF Sérgio Oliveira
52%
2017-2018 27 MF Sérgio Oliveira
52%
2018-2019 27 MF Sérgio Oliveira
52%
2019-2020 27 MF Sérgio Oliveira
52%
2020-2021 27 MF Sérgio Oliveira
52%
2021-2022 27 MF Sérgio Oliveira
52%
2014-2015 5 DF Iván Marcano
51%
2015-2016 5 DF Iván Marcano
51%
2016-2017 5 DF Iván Marcano
51%
2017-2018 5 DF Iván Marcano
51%
2019-2020 5 DF Iván Marcano
51%
2021-2022 5 DF Iván Marcano
51%
2022-2023 5 DF Iván Marcano
51%
2024-2025 5 DF Iván Marcano
51%
2002-2003 18 MF Maniche
51%
2003-2004 18 MF Maniche
51%
2004-2005 18 MF Maniche
51%
2002-2003 13 GK Nuno Espírito Santo
51%
2003-2004 13 GK Nuno Espírito Santo
51%
2004-2005 13 GK Nuno Espírito Santo
51%
2007-2008 33 GK Nuno Espírito Santo
51%
2008-2009 33 GK Nuno Espírito Santo
51%
2009-2010 33 GK Nuno Espírito Santo
51%
2011-2012 26 DF Alex Sandro
50%
2012-2013 26 DF Alex Sandro
50%
2013-2014 26 DF Alex Sandro
50%
2014-2015 26 DF Alex Sandro
50%
2018-2019 19 DF Chancel Mbemba
50%
2019-2020 19 DF Chancel Mbemba
50%
2020-2021 19 DF Chancel Mbemba
50%
2021-2022 19 DF Chancel Mbemba
50%
2024-2025 86 MF Rodrigo Mora
49%
2020-2021 16 MF Marko Grujić
48%
2021-2022 16 MF Marko Grujić
48%
2022-2023 16 MF Marko Grujić
48%
2023-2024 8 MF Marko Grujić
48%
2001-2002 99 GK Vítor Baía
48%
2002-2003 99 GK Vítor Baía
48%
2003-2004 99 GK Vítor Baía
48%
2004-2005 99 GK Vítor Baía
48%
2005-2006 99 GK Vítor Baía
48%
2019-2020 32 GK Agustín Marchesín
47%
2020-2021 1 GK Agustín Marchesín
47%
2021-2022 1 GK Agustín Marchesín
47%
2005-2006 13 DF Bruno Alves
47%
2006-2007 14 DF Bruno Alves
47%
2007-2008 2 DF Bruno Alves
47%
2008-2009 2 DF Bruno Alves
47%
2009-2010 2 DF Bruno Alves
47%
2019-2020 16 MF Matheus Uribe
47%
2020-2021 8 MF Matheus Uribe
47%
2021-2022 8 MF Matheus Uribe
47%
2022-2023 8 MF Matheus Uribe
47%
2018-2019 26 GK Vaná Alves
47%
2014-2015 25 GK Andrés Fernández
46%
2017-2018 90 FW Galeno
46%
2021-2022 13 FW Galeno
46%
2022-2023 13 FW Galeno
46%
2023-2024 13 FW Galeno
46%
2024-2025 13 FW Galeno
46%
2009-2010 22 DF Miguel Lopes
45%
2012-2013 13 DF Miguel Lopes
45%
2024-2025 24 DF Nehuén Pérez
45%
2016-2017 19 FW Diogo Jota
44%
2019-2020 50 MF Fábio Vieira
44%
2020-2021 50 MF Fábio Vieira
44%
2021-2022 50 MF Fábio Vieira
44%
2024-2025 10 MF Fábio Vieira
44%
2008-2009 6 MF Fredy Guarín
44%
2009-2010 6 MF Fredy Guarín
44%
2010-2011 6 MF Fredy Guarín
44%
2011-2012 6 MF Fredy Guarín
44%
2019-2020 20 FW Zé Luís
44%
2014-2015 6 MF Casemiro
43%
2008-2009 25 MF Fernando
43%
2009-2010 25 MF Fernando
43%
2010-2011 25 MF Fernando
43%
2011-2012 25 MF Fernando
43%
2012-2013 25 MF Fernando
43%
2013-2014 25 MF Fernando
43%
2020-2021 12 DF Zaidu
43%
2021-2022 12 DF Zaidu
43%
2022-2023 12 DF Zaidu
43%
2023-2024 12 DF Zaidu
43%
2001-2002 77 FW Benni McCarthy
41%
2003-2004 77 FW Benni McCarthy
41%
2004-2005 77 FW Benni McCarthy
41%
2005-2006 9 FW Benni McCarthy
41%
2020-2021 30 FW Evanilson
41%
2021-2022 30 FW Evanilson
41%
2022-2023 30 FW Evanilson
41%
2023-2024 30 FW Evanilson
41%
2009-2010 16 DF Maicon
41%
2010-2011 4 DF Maicon
41%
2011-2012 4 DF Maicon
41%
2012-2013 4 DF Maicon
41%
2013-2014 4 DF Maicon
41%
2014-2015 4 DF Maicon
41%
2015-2016 4 DF Maicon
41%
2000-2001 20 MF Paulinho Santos
41%
2002-2003 20 MF Paulinho Santos
41%
2001-2002 1 GK Paulo Santos
41%
2003-2004 17 DF Bosingwa
40%
2004-2005 17 DF Bosingwa
40%
2005-2006 12 DF Bosingwa
40%
2006-2007 12 DF Bosingwa
40%
2007-2008 12 DF Bosingwa
40%
2001-2002 6 MF Costinha
40%
2002-2003 6 MF Costinha
40%
2003-2004 6 MF Costinha
40%
2004-2005 6 MF Costinha
40%
2015-2016 21 DF Miguel Layún
40%
2016-2017 21 DF Miguel Layún
40%
2017-2018 19 DF Miguel Layún
40%
2023-2024 97 DF Zé Pedro
40%
2024-2025 97 DF Zé Pedro
40%
2001-2002 41 FW Hélder Postiga
39%
2002-2003 41 FW Hélder Postiga
39%
2004-2005 41 FW Hélder Postiga
39%
2006-2007 23 FW Hélder Postiga
39%
2007-2008 23 FW Hélder Postiga
39%
2016-2017 29 FW Tiquinho Soares
39%
2017-2018 29 FW Tiquinho Soares
39%
2018-2019 29 FW Tiquinho Soares
39%
2019-2020 29 FW Tiquinho Soares
39%
2013-2014 52 DF Víctor García
39%
2014-2015 3 DF Bruno Martins Indi
38%
2015-2016 3 DF Bruno Martins Indi
38%
2011-2012 22 DF Eliaquim Mangala
38%
2012-2013 22 DF Eliaquim Mangala
38%
2013-2014 22 DF Eliaquim Mangala
38%
2002-2003 8 DF Nuno Valente
38%
2003-2004 8 DF Nuno Valente
38%
2004-2005 8 DF Nuno Valente
38%
2008-2009 14 DF Rolando
38%
2009-2010 14 DF Rolando
38%
2010-2011 14 DF Rolando
38%
2011-2012 14 DF Rolando
38%
2016-2017 28 DF Felipe
37%
2017-2018 28 DF Felipe
37%
2018-2019 28 DF Felipe
37%
2015-2016 20 MF André André
36%
2016-2017 20 MF André André
36%
2017-2018 20 MF André André
36%
2002-2003 11 FW Derlei
36%
2003-2004 11 FW Derlei
36%
2004-2005 11 FW Derlei
36%
2000-2001 15 MF Dmitriy Alenichev
36%
2001-2002 15 MF Dmitriy Alenichev
36%
2002-2003 15 MF Dmitriy Alenichev
36%
2003-2004 15 MF Dmitriy Alenichev
36%
2012-2013 24 GK Fabiano
36%
2013-2014 24 GK Fabiano
36%
2014-2015 12 GK Fabiano
36%
2018-2019 40 GK Fabiano
36%
2004-2005 9 FW Luís Fabiano
36%
2005-2006 30 MF Anderson
35%
2006-2007 10 MF Anderson
35%
2016-2017 59 MF Rui Pedro
35%
2013-2014 13 DF Diego Reyes
34%
2014-2015 13 DF Diego Reyes
34%
2017-2018 23 DF Diego Reyes
34%
2020-2021 28 FW Felipe Anderson
34%
2006-2007 13 DF Jorge Fucile
34%
2007-2008 13 DF Jorge Fucile
34%
2008-2009 13 DF Jorge Fucile
34%
2009-2010 13 DF Jorge Fucile
34%
2010-2011 13 DF Jorge Fucile
34%
2011-2012 13 DF Jorge Fucile
34%
2013-2014 5 DF Jorge Fucile
34%
2011-2012 35 MF Steven Defour
34%
2012-2013 35 MF Steven Defour
34%
2013-2014 35 MF Steven Defour
34%
2021-2022 22 DF Wendell
34%
2022-2023 22 DF Wendell
34%
2023-2024 18 DF Wendell
34%
2008-2009 21 DF Cristian Săpunaru
33%
2009-2010 21 DF Cristian Săpunaru
33%
2010-2011 21 DF Cristian Săpunaru
33%
2011-2012 21 DF Cristian Săpunaru
33%
2018-2019 3 DF Éder Militão
33%
2018-2019 37 FW Fernando Andrade
33%
2000-2001 13 DF Jorge Andrade
33%
2001-2002 13 DF Jorge Andrade
33%
2013-2014 10 MF Juan Fernando Quintero
33%
2014-2015 10 MF Juan Fernando Quintero
33%
2024-2025 9 FW Samu Aghehowa
33%
2009-2010 24 GK Beto
32%
2010-2011 24 GK Beto
32%
2003-2004 19 MF Carlos Alberto
32%
2004-2005 19 MF Carlos Alberto
32%
2012-2013 7 FW Juan Iturbe
32%
2004-2005 16 MF Diego
31%
2005-2006 20 MF Diego
31%
2017-2018 30 DF Diogo Dalot
31%
2005-2006 39 FW Hugo Almeida
31%
2024-2025 27 FW Deniz Gül
30%
2024-2025 74 DF Francisco Moura
30%
2002-2003 66 MF Tiago
30%
2021-2022 2 DF Fábio Cardoso
29%
2022-2023 2 DF Fábio Cardoso
29%
2023-2024 2 DF Fábio Cardoso
29%
2019-2020 10 MF Shoya Nakajima
29%
2020-2021 10 MF Shoya Nakajima
29%
2024-2025 15 MF Vasco Sousa
29%
2022-2023 19 FW Danny Namaso
28%
2023-2024 19 FW Danny Namaso
28%
2024-2025 19 FW Danny Namaso
28%
2012-2013 28 FW Kelvin
27%
2013-2014 28 FW Kelvin
27%
2005-2006 28 FW Adriano
26%
2006-2007 28 FW Adriano
26%
2007-2008 28 FW Adriano
26%
2022-2023 20 MF André Franco
26%
2023-2024 20 MF André Franco
26%
2024-2025 20 MF André Franco
26%
2013-2014 8 MF Josué
26%
2022-2023 4 DF David Carmo
25%
2023-2024 4 DF David Carmo
25%
2007-2008 29 FW Edgar Bruno
25%
2009-2010 7 MF Fernando Belluschi
25%
2010-2011 7 MF Fernando Belluschi
25%
2011-2012 7 MF Fernando Belluschi
25%
2022-2023 7 FW Gabriel Veron
25%
2023-2024 17 MF Iván Jaime
25%
2024-2025 17 MF Iván Jaime
25%
2002-2003 3 DF Pedro Emanuel
25%
2003-2004 3 DF Pedro Emanuel
25%
2004-2005 3 DF Pedro Emanuel
25%
2005-2006 4 DF Pedro Emanuel
25%
2007-2008 3 DF Pedro Emanuel
25%
2008-2009 3 DF Pedro Emanuel
25%
2018-2019 12 DF Wilson Manafá
25%
2019-2020 18 DF Wilson Manafá
25%
2020-2021 18 DF Wilson Manafá
25%
2021-2022 18 DF Wilson Manafá
25%
2022-2023 18 DF Wilson Manafá
25%
2018-2019 4 DF Diogo Leite
24%
2019-2020 4 DF Diogo Leite
24%
2020-2021 4 DF Diogo Leite
24%
2016-2017 9 FW Laurent Depoitre
24%
2020-2021 31 DF Nanu
24%
2024-2025 3 DF Tiago Djaló
24%
2000-2001 21 FW Capucho
23%
2001-2002 21 FW Capucho
23%
2002-2003 21 FW Capucho
23%
2012-2013 6 MF Castro
23%
2000-2001 9 FW Domingos Paciência
23%
2013-2014 20 MF Eduardo
23%
2024-2025 21 FW Fran Navarro
23%
2024-2025 70 FW Gonçalo Borges
23%
2017-2018 14 FW Gonçalo Paciência
23%
2011-2012 11 FW Kléber
23%
2012-2013 11 FW Kléber
23%
2005-2006 18 MF Paulo Assunção
23%
2006-2007 18 MF Paulo Assunção
23%
2007-2008 6 MF Paulo Assunção
23%
2016-2017 4 DF Willy Boly
23%
2012-2013 27 FW Christian Atsu
22%
2014-2015 11 FW Cristian Tello
22%
2015-2016 11 FW Cristian Tello
22%
2015-2016 39 FW Hyun-jun Suk
22%
2020-2021 32 DF Malang Sarr
22%
2012-2013 15 MF Marat Izmailov
22%
2002-2003 9 FW Edgaras Jankauskas
21%
2003-2004 9 FW Edgaras Jankauskas
21%
2013-2014 19 FW Licá
21%
2019-2020 8 MF Romário Baró
21%
2020-2021 21 MF Romário Baró
21%
2000-2001 7 DF Secretário
21%
2001-2002 7 DF Secretário
21%
2002-2003 7 DF Secretário
21%
2003-2004 7 DF Secretário
21%
2010-2011 23 DF Souza
21%
2011-2012 23 DF Souza
21%
2003-2004 28 FW Bruno Moraes
20%
2006-2007 29 FW Bruno Moraes
20%
2000-2001 5 MF Carlos Paredes
20%
2001-2002 5 MF Carlos Paredes
20%
2000-2001 31 FW Pena
20%
2001-2002 31 FW Pena
20%
2015-2016 10 FW Daniel Osvaldo
19%
2010-2011 15 DF Emídio Rafael
19%
2015-2016 25 MF Giannelli Imbula
19%
2011-2012 29 FW Marc Janko
19%
2013-2014 11 FW Nabil Ghilas
19%
2000-2001 4 DF Aloísio
18%
2008-2009 28 DF Aly Cissokho
18%
2014-2015 17 FW Hernâni
18%
2017-2018 7 FW Hernâni
18%
2018-2019 7 FW Hernâni
18%
2004-2005 28 MF Léo Lima
18%
2019-2020 15 MF Mamadou Loum
18%
2006-2007 11 FW Tarik Sektioui
18%
2007-2008 17 FW Tarik Sektioui
18%
2008-2009 17 FW Tarik Sektioui
18%
2010-2011 18 FW Walter
18%
2011-2012 18 FW Walter
18%
2000-2001 11 FW Ljubinko Drulovic
17%
2005-2006 35 DF Marek Cech
17%
2006-2007 5 DF Marek Cech
17%
2007-2008 5 DF Marek Cech
17%
2000-2001 29 FW António Folha
16%
2022-2023 87 MF Bernardo Folha
16%
2015-2016 63 DF Chidozie Awaziem
16%
2004-2005 22 DF Georgios Seitaridis
16%
2000-2001 19 FW Juan Antonio Pizzi
16%
2007-2008 20 MF Leandro Lima
16%
2010-2011 31 GK Pawel Kieszek
16%
2007-2008 25 MF Przemyslaw Kazmierczak
16%
2010-2011 27 FW Ukra
16%
2005-2006 27 FW Alan
15%
2006-2007 21 FW Alan
15%
2002-2003 14 FW César Peixoto
15%
2004-2005 12 FW César Peixoto
15%
2005-2006 21 FW César Peixoto
15%
2007-2008 19 FW Ernesto Farías
15%
2008-2009 19 FW Ernesto Farías
15%
2009-2010 19 FW Ernesto Farías
15%
2014-2015 15 MF Evandro
15%
2015-2016 15 MF Evandro
15%
2016-2017 15 MF Evandro
15%
2007-2008 4 DF Milan Stepanov
15%
2008-2009 4 DF Milan Stepanov
15%
2006-2007 26 DF João Paulo
14%
2007-2008 14 DF João Paulo
14%
2007-2008 15 DF Lino
14%
2008-2009 15 DF Lino
14%
2017-2018 18 FW Majeed Waris
14%
2019-2020 24 DF Renzo Saravia
14%
2010-2011 16 DF Sereno
14%
2000-2001 55 GK Sergey Ovchinnikov
14%
2001-2002 55 GK Sergey Ovchinnikov
14%
2000-2001 18 MF Chaínho
13%
2011-2012 20 FW Djalma
13%
2000-2001 30 DF Esquerdinha
13%
2004-2005 31 MF Ibson
13%
2005-2006 6 MF Ibson
13%
2006-2007 6 MF Ibson
13%
2005-2006 17 MF Jorginho
13%
2006-2007 20 MF Jorginho
13%
2014-2015 22 MF José Campaña
13%
2004-2005 15 DF Leandro
13%
2000-2001 3 DF Nélson
13%
2009-2010 18 DF Nuno André Coelho
13%
2009-2010 28 MF Rúben Micael
13%
2010-2011 28 MF Rúben Micael
13%
2000-2001 22 DF Rubens Júnior
13%
2001-2002 11 DF Rubens Júnior
13%
2005-2006 19 FW Tomislav Sokota
13%
2005-2006 22 DF Fatih Sonkaya
12%
2001-2002 14 MF Fredrik Söderström
12%
2001-2002 17 DF Hugo Ibarra
12%
2016-2017 18 MF João Carlos Teixeira
12%
2003-2004 21 FW Maciel
12%
2008-2009 5 DF Nelson Benítez
12%
2008-2009 30 MF Pelé
12%
2012-2013 57 FW Sebá
12%
2000-2001 28 FW Clayton
11%
2001-2002 28 FW Clayton
11%
2002-2003 28 FW Clayton
11%
2009-2010 8 MF Diego Váleri
11%
2012-2013 5 DF Héctor Quiñónes
11%
2007-2008 18 MF Mario Bolatti
11%
2000-2001 44 GK Pedro Espinha
11%
2011-2012 31 GK Rafael Bracali
11%
2006-2007 22 FW Wason Rentería
11%
2004-2005 14 DF Areias
10%
2014-2015 14 DF Cote
10%
2015-2016 14 DF Cote
10%
2006-2007 15 DF Ezequias Melo
10%
2004-2005 4 MF Hugo Leal
10%
2002-2003 35 DF Hugo Luz
10%
2000-2001 8 MF Miran Pavlin
10%
2001-2002 8 MF Miran Pavlin
10%
2000-2001 23 MF Silvio Maric
10%
2006-2007 17 DF Vieirinha
10%
2002-2003 77 MF Ákos Buzsáky
9%
2008-2009 22 MF Andrés Madrid
9%
2005-2006 25 FW Ivanildo
9%
2008-2009 23 FW Daniel Candeias
8%
2006-2007 25 DF Lucas Mareque
8%
2007-2008 24 GK Hugo Ventura
7%
No matching quizzes found
Score Distribution
Percent of People with Each Score
Percentile by Number Answered
Your Score History
You have not taken this quiz since the last reset